[Event "Asian Games tt (Women)"]
[Site "Hangzhou"]
[Date "2023.10.07"]
[Round "9.20"]
[White "Fisabilillah, Ummi"]
[Black "Leung, Hoi Ting"]
[Result "1-0"]
[WhiteElo "2180"]
[BlackElo "1313"]
[PlyCount "81"]
[EventDate "2023.09.29"]
[EventType "team-tourn"]
[EventRounds "9"]
[EventCountry "CHN"]
[SourceTitle "EXT 2024"]
[Source "ChessBase"]
[SourceDate "2023.10.10"]
[SourceVersion "1"]
[SourceVersionDate "2023.10.10"]
[SourceQuality "1"]
[WhiteTeam "Indonesia (W)"]
[BlackTeam "Hong Kong (W)"]
[WhiteTeamCountry "INA"]
[BlackTeamCountry "HKG"]

1. Nf3 d5 2. g3 Nc6 3. Bg2 e5 4. d3 Nf6 5. 0-0 Bg4 6. h3 Be6 7. Nbd2 Bc5 8. e4 dxe4 9. dxe4 0-0 10. Ng5 Qc8 11. c3 a6 12. Qe2 Re8 13. b4 Ba7 14. Nb3 b5 15. Nxe6 Qxe6 16. Nd2 Nxb4 17. cxb4 Bd4 18. Rb1 Qxa2 19. Qd3 Qe6 20. Nb3 Bb6 21. Be3 Red8 22. Qc3 Rd6 23. Rfc1 Bxe3 24. Qxe3 Rad8 25. Nc5 Qa2 26. Qc3 Rd2 27. Ra1 Qb2 28. Qxb2 Rxb2 29. Nxa6 Rdd2 30. Rxc7 h6 31. Rf1 Nh5 32. Rc3 Rd6 33. Nc5 Rxb4 34. Nd3 Rbd4 35. Nxe5 Rb6 36. Rc8+ Kh7 37. Nxf7 b4 38. Bf3 Nf6 39. Rh8+ Kg6 40. Ne5+ Kg5 41. h4# 1-0

[Event "Asian Games tt (Women)"]
[Site "Hangzhou"]
[Date "2023.10.03"]
[Round "5.12"]
[White "Nguyen, Thi Mai Hung"]
[Black "Fisabilillah, Ummi"]
[Result "1-0"]
[WhiteElo "2226"]
[BlackElo "2180"]
[PlyCount "199"]
[EventDate "2023.09.29"]
[EventType "team-tourn"]
[EventRounds "9"]
[EventCountry "CHN"]
[SourceTitle "EXT 2024"]
[Source "ChessBase"]
[SourceDate "2023.10.10"]
[SourceVersion "1"]
[SourceVersionDate "2023.10.10"]
[SourceQuality "1"]
[WhiteTeam "Vietnam (W)"]
[BlackTeam "Indonesia (W)"]
[WhiteTeamCountry "VIE"]
[BlackTeamCountry "INA"]

1. d4 Nf6 2. Nf3 e6 3. c4 b6 4. Bg5 Bb4+ 5. Nbd2 Bb7 6. a3 Be7 7. e3 c5 8. Bd3 h6 9. Bf4 Nh5 10. Bxb8 Rxb8 11. 0-0 0-0 12. Rc1 Nf6 13. Qe2 d6 14. Rfd1 Qc7 15. e4 Nd7 16. Nf1 Bf6 17. Bb1 Bc6 18. Ne3 Rfe8 19. Ng4 e5 20. dxe5 Bxe5 21. Nfxe5 Nxe5 22. Ne3 b5 23. cxb5 Bxb5 24. Qd2 Ba4 25. Re1 Qb6 26. f4 Nc6 27. Nc4 Qa6 28. Qxd6 Qb5 29. Qd3 Red8 30. Qc3 Bb3 31. Ne5 Nxe5 32. Qxe5 Rbc8 33. Rc3 Qb6 34. Rg3 f6 35. Qc3 c4+ 36. Kh1 Qf2 37. Rf3 Qd2 38. h3 Rd4 39. e5 Kf7 40. Bf5 Rcd8 41. e6+ Ke7 42. Rg3 g5 43. fxg5 hxg5 44. Kh2 Rf4 45. Bg6 Rf2 46. Bf7 Rd3 47. Qxd2 Rdxd2 48. h4 Rxb2 49. hxg5 fxg5 50. Ree3 Rbe2 51. Rc3 Re5 52. Rh3 Rf4 53. Rh8 Rh4+ 54. Rxh4 gxh4 55. Kh3 Re4 56. Bg8 Rd4 57. Rc1 Bd1 58. Kh2 Bg4 59. Rf1 Bxe6 60. Re1 Rd6 61. Re4 Kf6 62. Bxe6 Rxe6 63. Rxc4 Ra6 64. a4 Kg5 65. Kh3 Rb6 66. Rg4+ Kf5 67. Rxh4 Kg6 68. Rc4 Kg5 69. Rc5+ Kg6 70. Ra5 a6 71. Kh4 Rb4+ 72. g4 Rb6 73. Rc5 Rd6 74. a5 Kg7 75. Kg5 Rg6+ 76. Kf4 Rf6+ 77. Rf5 Rc6 78. Kg5 Rg6+ 79. Kh4 Rh6+ 80. Rh5 Rc6 81. Rd5 Rh6+ 82. Kg3 Rc6 83. Kf3 Kg6 84. Ke3 Kf6 85. Kd4 Re6 86. Kc5 Ke7 87. Rg5 Kf6 88. Rf5+ Ke7 89. Rg5 Kf6 90. Rh5 Kg6 91. Rd5 Kf7 92. Rd6 Re5+ 93. Kb6 Ke7 94. Rg6 Kf7 95. Rc6 Rg5 96. Kxa6 Rxg4 97. Kb7 Ke7 98. a6 Kd7 99. a7 Rb4+ 100. Rb6 1-0

[Event "Asian Games tt (Women)"]
[Site "Hangzhou"]
[Date "2023.09.29"]
[Round "1.16"]
[White "Fisabilillah, Ummi"]
[Black "You, Garam"]
[Result "1-0"]
[WhiteElo "2180"]
[BlackElo "1410"]
[PlyCount "81"]
[EventDate "2023.09.29"]
[EventType "team-tourn"]
[EventRounds "9"]
[EventCountry "CHN"]
[SourceTitle "EXT 2024"]
[Source "ChessBase"]
[SourceDate "2023.10.10"]
[SourceVersion "1"]
[SourceVersionDate "2023.10.10"]
[SourceQuality "1"]
[WhiteTeam "Indonesia (W)"]
[BlackTeam "Korea (W)"]
[WhiteTeamCountry "INA"]
[BlackTeamCountry "KOR"]

1. e4 c5 2. Nf3 g6 3. Bc4 Bg7 4. c3 Nf6 5. e5 Ng4 6. d4 d5 7. Be2 cxd4 8. cxd4 Nc6 9. Nc3 Nh6 10. h3 0-0 11. 0-0 a6 12. Qb3 Nf5 13. Rd1 e6 14. g4 Nh4 15. g5 Nxf3+ 16. Bxf3 Qe7 17. Be3 Qb4 18. Qc2 Bd7 19. Qd2 Rac8 20. Rac1 Qe7 21. h4 Qd8 22. h5 Ne7 23. h6 Bh8 24. Bg4 Bc6 25. Ne2 Nf5 26. Bf4 Qb6 27. Bxf5 exf5 28. Rc5 Qd8 29. Rdc1 Re8 30. Ng3 Re6 31. Nf1 b6 32. R5c3 Bb7 33. Rxc8 Bxc8 34. Qc3 Re8 35. Ne3 Be6 36. Qc7 b5 37. Qxd8 Rxd8 38. Rc6 a5 39. Rc5 b4 40. Rxa5 Kf8 41. Rb5 1-0

[Event "Budapest FS09 IM"]
[Site "Budapest"]
[Date "2023.09.09"]
[Round "7"]
[White "Fisabilillah, Ummi"]
[Black "Persson, Mats"]
[Result "1/2-1/2"]
[WhiteElo "2180"]
[BlackElo "2311"]
[PlyCount "150"]
[EventDate "2023.09.02"]
[EventType "tourn"]
[EventRounds "9"]
[EventCountry "HUN"]
[EventCategory "1"]
[SourceTitle "EXT 2024"]
[Source "ChessBase"]
[SourceDate "2023.10.10"]
[SourceVersion "1"]
[SourceVersionDate "2023.10.10"]
[SourceQuality "1"]

1. e4 c5 2. Nf3 e6 3. c3 d5 4. e5 d4 5. c4 Nc6 6. d3 Qc7 7. Qe2 Nge7 8. Bf4 f5 9. h4 Ng6 10. Bh2 h5 11. Nbd2 Be7 12. 0-0-0 Bd7 13. Ng5 Nxh4 14. Bf4 Ng6 15. Rxh5 0-0-0 16. g3 Ncxe5 17. Re1 Nxf4 18. gxf4 Nxd3+ 19. Qxd3 Rxh5 20. Nxe6 Bxe6 21. Rxe6 Bd6 22. Kc2 Qf7 23. Re2 Bxf4 24. Bg2 Bxd2 25. Kxd2 Re8 26. Bd5 Qg6 27. Rxe8+ Qxe8 28. Qa3 Kb8 29. Qxc5 Rh8 30. Qxd4 Qd7 31. Kc2 Re8 32. a3 Qa4+ 33. Kd2 Qa5+ 34. Kd3 Qe1 35. Qxg7 Qe2+ 36. Kc3 Qe5+ 37. Qxe5+ Rxe5 38. Kd3 Re1 39. Kd2 Rb1 40. Kc2 Ra1 41. Kd3 Re1 42. Kd2 Rb1 43. Kc2 Rf1 44. f3 Rf2+ 45. Kc3 Re2 46. a4 b6 47. b4 Kc7 48. a5 bxa5 49. bxa5 Kd6 50. Kd4 Rc2 51. a6 Rc1 52. Bb7 Rd1+ 53. Ke3 Ke5 54. c5 f4+ 55. Ke2 Rc1 56. c6 Kd4 57. Kf2 Rc2+ 58. Kf1 Ke3 59. Kg1 Kd4 60. Kf1 Kd3 61. Kg1 Ke3 62. Kf1 Rc5 63. Kg2 Rg5+ 64. Kh3 Rg7 65. Kh4 Kf2 66. Kh3 Rc7 67. Kg4 Ke3 68. Kf5 Kxf3 69. Ke6 Kg3 70. Kd6 f3 71. Kxc7 f2 72. Kb8 f1Q 73. Kxa7 Qf4 74. Kb6 Qb4+ 75. Kc7 Qf4+ 1/2-1/2

[Event "Budapest FS09 IM"]
[Site "Budapest"]
[Date "2023.09.08"]
[Round "6"]
[White "Ilincic, Zlatko"]
[Black "Fisabilillah, Ummi"]
[Result "1-0"]
[WhiteElo "2289"]
[BlackElo "2180"]
[PlyCount "83"]
[EventDate "2023.09.02"]
[EventType "tourn"]
[EventRounds "9"]
[EventCountry "HUN"]
[EventCategory "1"]
[SourceTitle "EXT 2024"]
[Source "ChessBase"]
[SourceDate "2023.10.10"]
[SourceVersion "1"]
[SourceVersionDate "2023.10.10"]
[SourceQuality "1"]

1. d4 d5 2. c4 c6 3. e3 Nf6 4. Nc3 e6 5. Nf3 Nbd7 6. Qc2 Bd6 7. e4 Bb4 8. e5 Ne4 9. Bd3 f5 10. exf6 Ndxf6 11. 0-0 Nxc3 12. bxc3 Bd6 13. Bg5 Qc7 14. c5 Bf4 15. Bxf4 Qxf4 16. Ne5 Nd7 17. Rfe1 Nxe5 18. Rxe5 g6 19. g3 Qf6 20. h4 Bd7 21. Rb1 Rb8 22. f4 Kf7 23. Qa4 b5 24. Qa6 Qd8 25. h5 Rg8 26. hxg6+ hxg6 27. Rg5 Rg7 28. Rb2 Qc7 29. Rh2 b4 30. Rh6 bxc3 31. Rhxg6 Rxg6 32. Bxg6+ Kf6 33. Bc2 Rb5 34. Qa3 Qa5 35. Qxa5 Rxa5 36. a4 Bc8 37. Rg6+ Kf7 38. Rh6 Kg8 39. Kf2 Ba6 40. Ke3 Bb5 41. axb5 Rxb5 42. Rxe6 1-0

[Event "Budapest FS09 IM"]
[Site "Budapest"]
[Date "2023.09.05"]
[Round "4"]
[White "Fisabilillah, Ummi"]
[Black "Bashirov, Kemal"]
[Result "0-1"]
[WhiteElo "2180"]
[BlackElo "2359"]
[PlyCount "124"]
[EventDate "2023.09.02"]
[EventType "tourn"]
[EventRounds "9"]
[EventCountry "HUN"]
[EventCategory "1"]
[SourceTitle "EXT 2024"]
[Source "ChessBase"]
[SourceDate "2023.10.10"]
[SourceVersion "1"]
[SourceVersionDate "2023.10.10"]
[SourceQuality "1"]

1. d4 Nf6 2. Nf3 d5 3. c4 dxc4 4. Qa4+ Nc6 5. e3 e6 6. Nbd2 Bd7 7. Qxc4 Bd6 8. b3 e5 9. Bb2 Qe7 10. dxe5 Nxe5 11. Nxe5 Bxe5 12. Bxe5 Qxe5 13. Rc1 Bc6 14. Qc3 Qe7 15. Be2 0-0 16. 0-0 Rac8 17. Bf3 Bxf3 18. Nxf3 c5 19. Rfe1 Ne4 20. Qa5 b6 21. Qa6 Rc6 22. Red1 Rg6 23. Qa4 Nf6 24. Rd2 Qb7 25. Kf1 Rg4 26. Qb5 Qe4 27. h3 Rg6 28. Rcd1 h6 29. Rd8 Rxd8 30. Rxd8+ Kh7 31. Qd3 Qxd3+ 32. Rxd3 Ne4 33. Rd7 Rd6 34. Rxd6 Nxd6 35. Nd2 Kg6 36. Ke2 Kf5 37. g4+ Ke6 38. Kd3 b5 39. f4 f5 40. a4 a6 41. Nf3 bxa4 42. bxa4 Kd5 43. Nd2 c4+ 44. Kc2 fxg4 45. hxg4 Ne4 46. Nf3 Nd6 47. Nd2 Ne4 48. Nf3 Nf6 49. g5 Ng4 50. gxh6 gxh6 51. Nd2 Nxe3+ 52. Kc3 h5 53. f5 Nxf5 54. Nxc4 h4 55. Nd2 Nd4 56. Kb4 h3 57. Nf1 Nc6+ 58. Kc3 Ke4 59. Kc4 Ne5+ 60. Kc5 Kf3 61. Kb6 Kf2 62. Nh2 Kg1 0-1

[Event "Budapest FS08 Nadassy"]
[Site "Budapest"]
[Date "2023.08.11"]
[Round "6.5"]
[White "Fisabilillah, Ummi"]
[Black "Torok, Tamas Titusz"]
[Result "1-0"]
[WhiteElo "2198"]
[BlackElo "1996"]
[PlyCount "85"]
[EventDate "2023.08.05"]
[EventType "team-tourn"]
[EventRounds "10"]
[EventCountry "HUN"]
[SourceTitle "EXT 2024"]
[Source "ChessBase"]
[SourceDate "2023.10.10"]
[SourceVersion "1"]
[SourceVersionDate "2023.10.10"]
[SourceQuality "1"]
[WhiteTeam "Team Lower Elo"]
[BlackTeam "Team Higher Elo"]
[WhiteTeamCountry "HUN"]
[BlackTeamCountry "HUN"]

1. e4 e5 2. Nf3 Nc6 3. Bb5 Nge7 4. 0-0 g6 5. c3 Bg7 6. d4 exd4 7. cxd4 a6 8. Ba4 b5 9. Bc2 d5 10. e5 Bg4 11. Be3 0-0 12. Nbd2 f6 13. exf6 Bxf6 14. h3 Bf5 15. Rc1 Na5 16. b3 Qd6 17. Re1 Nac6 18. Nf1 Rac8 19. N1h2 Nb4 20. Bxf5 Nxf5 21. Rc5 Nxe3 22. Rxe3 Nc6 23. Rec3 Ne7 24. Ng4 c6 25. Rc2 h5 26. Nge5 Bxe5 27. Nxe5 Kg7 28. Qc1 Rf6 29. Qa3 Nf5 30. Qb2 Ne7 31. Qc1 Qe6 32. R5c3 b4 33. Rc5 Qf5 34. Qd2 Re6 35. Qxb4 Rxe5 36. dxe5 Qxe5 37. Rc1 Rb8 38. Qd2 Rf8 39. R5c3 d4 40. Rc4 Rd8 41. Ra4 Nf5 42. Rxc6 Qd5 43. Rac4 1-0

[Event "Budapest FS08 Nadassy"]
[Site "Budapest"]
[Date "2023.08.09"]
[Round "5.1"]
[White "Ladanyi, Tibor"]
[Black "Fisabilillah, Ummi"]
[Result "0-1"]
[WhiteElo "2018"]
[BlackElo "2198"]
[PlyCount "100"]
[EventDate "2023.08.05"]
[EventType "team-tourn"]
[EventRounds "10"]
[EventCountry "HUN"]
[SourceTitle "EXT 2024"]
[Source "ChessBase"]
[SourceDate "2023.10.10"]
[SourceVersion "1"]
[SourceVersionDate "2023.10.10"]
[SourceQuality "1"]
[WhiteTeam "Team Higher Elo"]
[BlackTeam "Team Lower Elo"]
[WhiteTeamCountry "HUN"]
[BlackTeamCountry "HUN"]

1. d4 Nf6 2. c4 e5 3. dxe5 Ng4 4. Nf3 Bc5 5. e3 Nc6 6. Nc3 Ngxe5 7. Nxe5 Nxe5 8. f4 Nc6 9. Bd3 d6 10. 0-0 h5 11. Nd5 Bg4 12. Qe1 a5 13. Bd2 Kf8 14. Bc3 h4 15. h3 Be6 16. Kh2 Bxd5 17. cxd5 Nb4 18. Bxb4 axb4 19. e4 Qd7 20. Qe2 Re8 21. Rae1 Kg8 22. Qg4 Qxg4 23. hxg4 Bd4 24. Rc1 Re7 25. Rc2 g5 26. fxg5 Kg7 27. Rfc1 Rc8 28. g3 Be5 29. Kg2 hxg3 30. Rh1 Kg6 31. Rh5 Ree8 32. Rc1 Rh8 33. Rch1 Rxh5 34. Rxh5 Ra8 35. Bc4 Ra5 36. Rh1 Rc5 37. Bd3 Kxg5 38. Kf3 Ra5 39. Bc4 Ra8 40. Rh5+ Kg6 41. Rh1 Kf6 42. Bb3 Ke7 43. Rh7 Rg8 44. Rh1 Rg6 45. g5 Rxg5 46. Rc1 Kd7 47. Rc2 Rh5 48. Bc4 Rh3 49. b3 g2+ 50. Kf2 Rh1 0-1

[Event "Budapest FS08 Nadassy"]
[Site "Budapest"]
[Date "2023.08.07"]
[Round "3.3"]
[White "Farago, Sandor"]
[Black "Fisabilillah, Ummi"]
[Result "1-0"]
[WhiteElo "2121"]
[BlackElo "2198"]
[PlyCount "22"]
[EventDate "2023.08.05"]
[EventType "team-tourn"]
[EventRounds "10"]
[EventCountry "HUN"]
[SourceTitle "EXT 2024"]
[Source "ChessBase"]
[SourceDate "2023.10.10"]
[SourceVersion "1"]
[SourceVersionDate "2023.10.10"]
[SourceQuality "1"]
[WhiteTeam "Team Higher Elo"]
[BlackTeam "Team Lower Elo"]
[WhiteTeamCountry "HUN"]
[BlackTeamCountry "HUN"]

1. e4 g6 2. d4 Bg7 3. Nc3 a6 4. a4 d6 5. Be3 Nf6 6. f3 Nc6 7. Nge2 e5 8. d5 Ne7 9. g4 h5 10. g5 Nd7 11. Qd2 h4 1-0

[Event "Budapest FS08 Nadassy"]
[Site "Budapest"]
[Date "2023.08.05"]
[Round "1.5"]
[White "Torok, Tamas Titusz"]
[Black "Fisabilillah, Ummi"]
[Result "1/2-1/2"]
[WhiteElo "1996"]
[BlackElo "2198"]
[PlyCount "118"]
[EventDate "2023.08.05"]
[EventType "team-tourn"]
[EventRounds "10"]
[EventCountry "HUN"]
[SourceTitle "EXT 2024"]
[Source "ChessBase"]
[SourceDate "2023.10.10"]
[SourceVersion "1"]
[SourceVersionDate "2023.10.10"]
[SourceQuality "1"]
[WhiteTeam "Team Higher Elo"]
[BlackTeam "Team Lower Elo"]
[WhiteTeamCountry "HUN"]
[BlackTeamCountry "HUN"]

1. e4 e6 2. d4 d5 3. exd5 exd5 4. Nf3 Bd6 5. c4 Nf6 6. c5 Be7 7. Bd3 0-0 8. 0-0 Bg4 9. h3 Bh5 10. Nc3 b6 11. cxb6 axb6 12. g4 Bg6 13. Ne5 c5 14. Be3 Bd6 15. Bxg6 hxg6 16. f4 Na6 17. a3 Nc7 18. Qf3 cxd4 19. Nc6 Qd7 20. Nxd4 Rae8 21. Kg2 Ne4 22. Rac1 Bc5 23. Rfd1 Nd6 24. b4 Nc4 25. Bf2 Be7 26. Nc2 Bd8 27. Ne3 Nb2 28. Rd2 d4 29. Ned1 Nxd1 30. Rxd4 Qe6 31. Rdxd1 Bf6 32. Ne4 Nd5 33. b5 Bb2 34. Rc6 Qe7 35. Re1 Qxa3 36. Qxa3 Bxa3 37. Bxb6 Rb8 38. Be3 Rfe8 39. Bd2 Rxb5 40. Nc3 Rxe1 41. Bxe1 Rb2+ 42. Kf3 Rb3 43. Ke4 Nf6+ 44. Kd3 Rb8 45. Rc4 Bb4 46. Bd2 Ba5 47. Rc5 Rd8+ 48. Kc4 Bxc3 49. Bxc3 Ne4 50. Rc6 Nf2 51. Bd4 Nxh3 52. Be3 Kh7 53. g5 Ra8 54. Kd3 Ra4 55. Rc4 Rxc4 56. Kxc4 Kg8 57. Kd3 Kf8 58. Ke4 Ke7 59. Kf3 Nxg5+ 1/2-1/2

[Event "Titled Tuesday intern op 01st Aug Early"]
[Site "Chess.com INT"]
[Date "2023.08.01"]
[Round "6"]
[White "Al Tarbosh, Ward"]
[Black "Fisabilillah, Ummi"]
[Result "0-1"]
[WhiteElo "2280"]
[BlackElo "2198"]
[PlyCount "88"]
[EventDate "2023.08.01"]
[EventType "swiss (blitz)"]
[EventRounds "11"]
[EventCountry "USA"]
[SourceTitle "EXT 2024"]
[Source "ChessBase"]
[SourceDate "2023.10.10"]
[SourceVersion "1"]
[SourceVersionDate "2023.10.10"]
[SourceQuality "1"]

1. e4 d5 2. exd5 Qxd5 3. Nc3 Qa5 4. d4 c6 5. Nf3 Nf6 6. Bc4 Bf5 7. Bd2 e6 8. Nd5 Qd8 9. Nxf6+ Qxf6 10. h4 Bg4 11. Bg5 Bxf3 12. gxf3 Qf5 13. Qe2 Nd7 14. 0-0-0 Nb6 15. Bb3 h6 16. Bd2 0-0-0 17. c3 Bd6 18. Rhg1 Qf6 19. Qe4 g6 20. c4 Be7 21. Bf4 Qxh4 22. Rh1 Qxf4+ 23. Qxf4 Bg5 24. Qe3 Bxe3+ 25. fxe3 h5 26. e4 Rd7 27. c5 Na8 28. Kc2 Nc7 29. Bc4 Rhd8 30. Kc3 e5 31. b4 exd4+ 32. Kd3 Re7 33. f4 Ne6 34. Bxe6+ Rxe6 35. e5 f6 36. Rde1 fxe5 37. Rxe5 Rf6 38. Rg1 Rxf4 39. Rxg6 Rf3+ 40. Kd2 d3 41. Re7 Rf2+ 42. Kc3 d2 43. Rgg7 Rd3+ 44. Kc4 d1Q 0-1

[Event "Titled Tuesday intern op 01st Aug Early"]
[Site "Chess.com INT"]
[Date "2023.08.01"]
[Round "2"]
[White "Koshulyan, Egor A"]
[Black "Fisabilillah, Ummi"]
[Result "0-1"]
[WhiteElo "2136"]
[BlackElo "2198"]
[PlyCount "61"]
[EventDate "2023.08.01"]
[EventType "swiss (blitz)"]
[EventRounds "11"]
[EventCountry "USA"]
[SourceTitle "EXT 2024"]
[Source "ChessBase"]
[SourceDate "2023.10.10"]
[SourceVersion "1"]
[SourceVersionDate "2023.10.10"]
[SourceQuality "1"]

1. e4 d5 2. exd5 Qxd5 3. Nc3 Qa5 4. d4 c6 5. Nf3 Bf5 6. Bc4 e6 7. 0-0 Nf6 8. Re1 Bb4 9. Bd2 0-0 10. Ne5 Nbd7 11. a3 Bxc3 12. Bxc3 Qc7 13. Nf3 Bg4 14. Qd3 Rad8 15. Qe3 Nb6 16. Ne5 Nxc4 17. Nxc4 Nd5 18. Qd2 Rfe8 19. Ne5 Bf5 20. Rad1 h6 21. b4 Qe7 22. Bb2 Qg5 23. Qe2 Nf4 24. Qf3 Bxc2 25. Bc1 Bxd1 26. Rxd1 Nh3+ 27. Qxh3 Qxe5 28. Qg4 Qf5 29. Qg3 Qg6 30. Qc7 e5 31. Bf4 0-1

[Event "Titled Tuesday intern op 01st Aug Early"]
[Site "Chess.com INT"]
[Date "2023.08.01"]
[Round "4"]
[White "Ovchinnikov, Vsevolod"]
[Black "Fisabilillah, Ummi"]
[Result "1/2-1/2"]
[WhiteElo "2426"]
[BlackElo "2198"]
[PlyCount "141"]
[EventDate "2023.08.01"]
[EventType "swiss (blitz)"]
[EventRounds "11"]
[EventCountry "USA"]
[SourceTitle "EXT 2024"]
[Source "ChessBase"]
[SourceDate "2023.10.10"]
[SourceVersion "1"]
[SourceVersionDate "2023.10.10"]
[SourceQuality "1"]

1. d4 d5 2. c4 c6 3. Nf3 Nf6 4. g3 a6 5. Nbd2 Bf5 6. Bg2 e6 7. 0-0 Nbd7 8. Nh4 Bg4 9. h3 Bh5 10. g4 Bg6 11. Nxg6 hxg6 12. e3 Bb4 13. b3 Qc7 14. a3 Bd6 15. Re1 e5 16. e4 dxe4 17. Nxe4 Nxe4 18. Rxe4 0-0 19. dxe5 Bxe5 20. Ra2 Nf6 21. Ree2 Rad8 22. Rad2 Bf4 23. Rxd8 Rxd8 24. Qc2 Bxc1 25. Qxc1 Qd6 26. Re3 Nh7 27. b4 Nf8 28. c5 Qd7 29. Bf1 Ne6 30. Rf3 Qd1 31. Qxd1 Rxd1 32. Kg2 Nd4 33. Rd3 Rxd3 34. Bxd3 Kf8 35. f4 Ke7 36. Kf2 Ne6 37. Ke3 Nc7 38. Ke4 Nd5 39. g5 Nc3+ 40. Kd4 Nd5 41. f5 gxf5 42. Bxf5 Kd8 43. h4 Nc7 44. Ke5 Nb5 45. a4 Nc3 46. a5 Nd5 47. h5 Ke7 48. h6 gxh6 49. gxh6 Kf8 50. Bc8 Nxb4 51. Bxb7 Kg8 52. Kd4 Kh7 53. Kc4 Nd5 54. Bxc6 Nc7 55. Be4+ Kxh6 56. c6 Kg7 57. Kc5 Kf8 58. Kd6 Ne8+ 59. Ke5 Ke7 60. Bd3 Nc7 61. Bc4 f6+ 62. Kf5 Kd6 63. Kxf6 Kxc6 64. Ke5 Kc5 65. Be2 Kb4 66. Kd6 Nb5+ 67. Kd7 Kxa5 68. Bf1 Kb4 69. Kc6 a5 70. Bxb5 a4 71. Bxa4 1/2-1/2

[Event "Titled Tuesday intern op 25th Jul Early"]
[Site "Chess.com INT"]
[Date "2023.07.25"]
[Round "5"]
[White "Korelskiy, Egor"]
[Black "Fisabilillah, Ummi"]
[Result "0-1"]
[WhiteElo "2144"]
[BlackElo "2198"]
[PlyCount "102"]
[EventDate "2023.07.25"]
[EventType "swiss (blitz)"]
[EventRounds "11"]
[EventCountry "USA"]
[SourceTitle "EXT 2024"]
[Source "ChessBase"]
[SourceDate "2023.10.10"]
[SourceVersion "1"]
[SourceVersionDate "2023.10.10"]
[SourceQuality "1"]

1. e4 e6 2. d4 d5 3. Nc3 Bb4 4. e5 c5 5. a3 Bxc3+ 6. bxc3 Qc7 7. Nf3 Ne7 8. Be2 b6 9. 0-0 Ba6 10. Bxa6 Nxa6 11. Bg5 Nf5 12. Qe2 Nb8 13. c4 h6 14. Bd2 dxc4 15. Qxc4 0-0 16. d5 exd5 17. Qxd5 Qc6 18. c4 Ne7 19. Qd3 Qe6 20. Bf4 Nbc6 21. Bg3 Rad8 22. Qc3 Nf5 23. Rfe1 Nfd4 24. Nd2 Na5 25. Rac1 Rd7 26. Ne4 Rfd8 27. Nd6 Nac6 28. h3 Nf5 29. Bh2 Ncd4 30. Qd3 Qg6 31. Qc3 Nh4 32. Bg3 Ndf5 33. Rcd1 Nxg3 34. fxg3 Nf5 35. Nxf5 Qxf5 36. Rxd7 Rxd7 37. Qe3 Rd3 38. Qe2 Rxg3 39. Rd1 Rxa3 40. Kh1 Kh7 41. Rf1 Qg6 42. h4 h5 43. Qf2 Kg8 44. Re1 Rg3 45. e6 fxe6 46. Kh2 Rg4 47. Re5 Qf6 48. Qe3 Qxh4+ 49. Kg1 Rxc4 50. Rxe6 Qd4 51. Re8+ Kh7 0-1

[Event "Titled Tuesday intern op 04th Jul Early"]
[Site "Chess.com INT"]
[Date "2023.07.04"]
[Round "5"]
[White "Fisabilillah, Ummi"]
[Black "Diaz Garcia, Lianet"]
[Result "1-0"]
[WhiteElo "2198"]
[BlackElo "1999"]
[PlyCount "63"]
[EventDate "2023.07.04"]
[EventType "swiss (blitz)"]
[EventRounds "11"]
[EventCountry "USA"]
[SourceTitle "EXT 2024"]
[Source "ChessBase"]
[SourceDate "2023.10.10"]
[SourceVersion "1"]
[SourceVersionDate "2023.10.10"]
[SourceQuality "1"]

1. e4 c5 2. Nf3 d6 3. Bc4 Nf6 4. d3 g6 5. 0-0 Bg7 6. c3 0-0 7. Re1 e5 8. Bg5 h6 9. Bh4 Nc6 10. Nbd2 Rb8 11. a4 a6 12. Bb3 b5 13. d4 g5 14. dxe5 Nxe5 15. Nxe5 dxe5 16. Bg3 Qe7 17. axb5 axb5 18. Nf3 Bg4 19. Qe2 Nh5 20. h3 Nf4 21. Bxf4 Bxf3 22. Qxf3 exf4 23. Ra6 c4 24. Bc2 Rfd8 25. e5 Rd2 26. Qe4 Qc5 27. Rf1 Qxe5 28. Qh7+ Kf8 29. Ra7 Qe2 30. Bg6 fxg6 31. Qxg7+ Ke8 32. Qh8# 1-0

[Event "Titled Tuesday intern op 04th Jul Early"]
[Site "Chess.com INT"]
[Date "2023.07.04"]
[Round "9"]
[White "Vila Dupla, Aurelio"]
[Black "Fisabilillah, Ummi"]
[Result "0-1"]
[WhiteElo "2030"]
[BlackElo "2198"]
[PlyCount "66"]
[EventDate "2023.07.04"]
[EventType "swiss (blitz)"]
[EventRounds "11"]
[EventCountry "USA"]
[SourceTitle "EXT 2024"]
[Source "ChessBase"]
[SourceDate "2023.10.10"]
[SourceVersion "1"]
[SourceVersionDate "2023.10.10"]
[SourceQuality "1"]

1. Nf3 d5 2. d4 Nf6 3. c4 c6 4. cxd5 cxd5 5. Nc3 a6 6. Bf4 Nc6 7. e3 g6 8. Bd3 Bg7 9. 0-0 0-0 10. h3 Nb4 11. Bb1 Bd7 12. a3 Nc6 13. Ne5 Rc8 14. Nxc6 Bxc6 15. Be5 Qd7 16. Bd3 Rfd8 17. Qe2 Ne4 18. Bxe4 Bxe5 19. Bf3 Bb8 20. Rfd1 Kg7 21. Rd2 Qd6 22. g3 h5 23. h4 Qf6 24. Bg2 Qf5 25. Rc1 Qg4 26. Rdc2 e6 27. Qf3 Bd7 28. Ne2 Bd6 29. Rxc8 Bxc8 30. Rxc8 Rxc8 31. Nc3 Bxa3 32. Qxg4 hxg4 33. Nxd5 Bxb2 0-1

[Event "Asia zt 3.3 (Women)"]
[Site "Jakarta"]
[Date "2023.05.12"]
[Round "9"]
[White "Fisabilillah, Ummi"]
[Black "Foudzi, Sitii Zulaikha"]
[Result "1/2-1/2"]
[WhiteElo "2213"]
[BlackElo "2136"]
[PlyCount "152"]
[EventDate "2023.05.06"]
[EventType "swiss"]
[EventRounds "9"]
[EventCountry "INA"]
[SourceTitle "CBM 214 Extra"]
[Source "ChessBase"]
[SourceDate "2023.07.31"]
[SourceVersion "1"]
[SourceVersionDate "2023.07.31"]
[SourceQuality "1"]

1. d4 d5 2. Nf3 Nf6 3. c4 e6 4. Nc3 c6 5. Bg5 Nbd7 6. e3 Be7 7. Qc2 h6 8. Bh4 0-0 9. cxd5 exd5 10. Bd3 b5 11. 0-0 Bb7 12. Rfd1 Nb6 13. b3 Nfd7 14. Bg3 b4 15. Ne2 c5 16. dxc5 Nxc5 17. Bf5 Qe8 18. Be5 g6 19. Bd3 Rc8 20. Qb2 f5 21. Bg7 Rf7 22. Bxh6 Bf6 23. Nfd4 Qe7 24. Bf4 Ne4 25. Bg3 Nxg3 26. hxg3 Rh7 27. Qd2 Kf7 28. Rac1 a5 29. Rc2 Rhh8 30. Rdc1 Rxc2 31. Rxc2 Rc8 32. Qc1 Rxc2 33. Qxc2 Nc8 34. Bb5 Nd6 35. Nc6 Qe4 36. Bd3 Qe8 37. Nxa5 Bc3 38. a3 Ba8 39. axb4 Bxb4 40. Qc7+ Kf6 41. Nd4 Qc8 42. Qxc8 Nxc8 43. Nac6 Bf8 44. Kf1 Nd6 45. Nd8 Ne4 46. Ke2 Bd6 47. N8c6 Kf7 48. b4 Ke8 49. b5 Kd7 50. Na5 Bb4 51. Nab3 Kd6 52. Nf3 Ke6 53. Nbd4+ Kf6 54. Bc2 Bc5 55. Nd2 Nc3+ 56. Kd3 Bxd4 57. Kxd4 Nxb5+ 58. Kc5 Nc3 59. Nf3 Ne4+ 60. Bxe4 dxe4 61. Nd2 Bb7 62. Kd4 Ba6 63. g4 Bb7 64. gxf5 gxf5 65. g4 Ba8 66. Nf1 Kg5 67. gxf5 Kxf5 68. Nd2 Bc6 69. Nc4 Ba8 70. Kc5 Kg4 71. Nd2 Kh3 72. Kd4 Kg2 73. Nxe4 Kf3 74. Nc5 Kxf2 75. Nd3+ Kg3 76. Nb4 Kf3 1/2-1/2